| 000 | 00928nam a2200265Ia 4500 | ||
|---|---|---|---|
| 003 | GCL | ||
| 008 | 140319s9999 xx 000 0 ara d | ||
| 020 | _a6351232977 | ||
| 040 |
_aGCL / _cGCL |
||
| 082 | 0 | 4 |
_a814.008 _bس م |
| 100 | 1 | _aسعيد اسماعيل على | |
| 245 | 1 | 0 |
_aمماليك هذا الزمان / _cسعيد اسماعيل على |
| 250 | _aالاولى | ||
| 260 |
_aالقاهرة : _bعالم الكتب الحديث ، _c2003 |
||
| 300 |
_a283ص ؛ _c27سم |
||
| 650 | 0 | 4 | _aالمقالات - مجموعات |
| 650 | 0 | 4 | _aابن رشد - مقالات |
| 650 | 0 | 4 | _aالازهر - مقالات |
| 650 | 0 | 4 | _aالتعليم - مقالات |
| 650 | 0 | 4 | _aالثورة الايرانية - مقالات |
| 650 | 0 | 4 | _aالولايات المتحدة الامريكية - مقالات |
| 650 | 0 | 4 | _aاسرائيل - مقالات |
| 650 | 0 | 4 | _aالموالد - مقالات |
| 942 |
_2ddc _cBK |
||
| 999 |
_c56618 _d56618 |
||